Incidente em Antares / (Record no. 282)

MARC details
000 -LÍDER
campo de controle de tamanho fixo 01351nam a2200301 4500
001 - NÚMERO DE CONTROLE
campo de controle 282
003 - IDENTIFICADOR DO NÚMERO DE CONTROLE
campo de controle OSt
005 - DATA E HORÁRIO DA ÚLTIMA TRANSAÇÃO
campo de controle 20250528074017.0
008 - CAMPO DE DADOS FIXOS--INFORMAÇÃO GERAL
campo de controle de tamanho fixo 250317b |||||||e |||| 00| 1 eng d
020 ## - ISBN - INTERNATIONAL STANDARD BOOK NUMBER
ISBN - International Standard Book Number 8525005908
040 ## - FONTE DA CATALOGAÇÃO
Idioma da catalogação por
041 ## - CÓDIGO DE IDIOMA
Código do idioma do original e/ou traduções intermediárias do texto por
082 ## - CDD - CLASSIFICAÇÃO DECIMAL DE DEWEY
Número de Classificação B869.93
Número do exemplar V517i
100 1# - ENTRADA PRINCIPAL--NOME PESSOAL
Nome pessoal Veríssimo, Érico,
Datas associadas ao nome 1905-1975
9 (RLIN) 521
245 ## - TÍTULO
Título Incidente em Antares /
Indicação de responsabilidade, etc. Verissimo, Erico ;
250 ## - EDIÇÃO
Declaração de edição 37° ed.
260 ## - PUBLICAÇÃO, DISTRIBUIÇÃO, ETC.
Local de publicação, distribuição, etc. São Paulo
Nome do editor, distribuidor, etc. Globo
Data da publicação, distribuição, etc. 1994
300 ## - DESCRIÇÃO FÍSICA
Extensão 485 p.
520 ## - NOTA DE RESUMO, ETC.
Resumo, etc. Tudo começou na pré-história, mais exatamente no Pleistoceno. Nessa época, gliptodontes e megatérios habitavam as terras do município de Antares, que, um milhão de anos depois, serve de cenário para o dramáticao "incidente" de sexta-feira, 13 de dezembro de 1963.<br/><br/>Irônico, destemido, franco, Incidente em Antares é, antes de tudo, um desabafo. Nele Érico Veríssiomo lança um olhar objetivo sobre os problemas políticos, econômicos e sociais, exprimindo sua absoluta descrença nos "heróis" oficiais, aqui despojados do inútil brilho das comendas e reduzidos ao seu verdadeiro tamanho.
650 #0 - ASSUNTO--TERMO TÓPICO
Cabeçalho tópico ou nome geográfico Literatura Brasileira
9 (RLIN) 205
650 #0 - ASSUNTO--TERMO TÓPICO
Cabeçalho tópico ou nome geográfico História do Brasil
9 (RLIN) 523
650 #0 - ASSUNTO--TERMO TÓPICO
Cabeçalho tópico ou nome geográfico Politica
9 (RLIN) 138
650 #0 - ASSUNTO--TERMO TÓPICO
Cabeçalho tópico ou nome geográfico Crítica social
9 (RLIN) 514
650 #0 - ASSUNTO--TERMO TÓPICO
Cabeçalho tópico ou nome geográfico Clássicos
9 (RLIN) 77
655 #0 - TERMO DE ÍNDICE--GÊNERO E FORMA
Gênero/forma/ou termo foco Romance
655 #0 - TERMO DE ÍNDICE--GÊNERO E FORMA
Gênero/forma/ou termo foco Ficção
942 ## - ELEMENTOS DE ENTRADA ADICIONADOS (KOHA)
Fonte de classificação ou esquema de arquivamento Classificação decimal de Dewey
Ocultar no OPAC Não
Tipo de material Koha Livros
Holdings
Situação do descarte Situação das perdas Fonte de classificação ou esquema de arquivamento Status danificado Não pode ser emprestado Coleção Biblioteca de origem Biblioteca atual Localização na estante Data de aquisição Fonte de aquisição Total de empréstimos Número de chamada completo Código de barras Data de último acesso Data do preço efetivo Tipo de material Koha
    Classificação decimal de Dewey     Ficção Biblioteca Professor Eduardo Afonso de Castro Biblioteca Professor Eduardo Afonso de Castro Literatura Brasileira 17.03.2025 doação   B869.93 / V517i 2025-17237 17.03.2025 17.03.2025 Livros

Powered by Koha